000 00797nam a22002657a 4500
003 OSt
005 20220924113616.0
006 a|||||r|||| 00| 0
007 ta
008 220923b |||||||| |||| 00| 0 eng d
024 _a154358
037 _cGeneral Books
040 _aARTS
_cARTS
_beng
041 _2eng
_aeng
082 _aY4:6.73.N7, L7
100 _aHauser Robert M
_9170213
245 0 _aProcesses of straficiation
_b Trends and analysis
260 _aNew York
_b Academic Press
_c1977
300 _axxviii, 372p.
490 _aStudies in populations ed by H H Winsbarough
650 _aSOCIOLOGY
700 _a Featherman David L
_9170214
942 _hY4:6.73.N7, L7
_cGB
_2CC
999 _c390203
_d390203